00481nam a22001457a 4500082001700000100003100017245007300048260001800121300001200139526003700151650001300188942001200201999001900213952010300232 a912.014bSTE aJ.A. Strees, M. A. 950515 aAN Interoduction to the Study of Map Projectionsc M. A.J.A. Strees, aLONDOn c1927 a320P.': a0b0c0d912_014000000000000_STE aMCE9379 2ddccBK c553253d553253 00102ddc4070aMCEbMCEcArchive Sectiond2015-02-03l0o912.014 STEr2015-02-03w2015-02-03yBK